00773nam a2200229 i 4500001000300000100002400003245006800027250002500095260004600120300003300166490004300199504003400242650002400276700001600300830004300316020001500359040000800374041000700382080001500389008004100404856009800445bg1 aLIGHTBOWN, Patsy M.10aHow languages are learned /cPatsy M. Lightbown and Nina Spada. a2nd ed. (3rd impr.). aOxford :bOxford University Press,c2000. aIX, 192 s. :brys. ;c24 cm.1 aOxford Handbooks for Language Teachers aBibliogr. po rozdz. - Indeks. 9aJęzykixnauczanie1 aSPADA, Nina aOxford Handbooks for Language Teachers a0194370003 cBPK0 aen a372.881.12 s pl f |000 0 pol  uhttp://koha.tu.koszalin.pl/cgi-bin/koha/opac-detail.pl?biblionumber=38528yKatalog online BPK